书目信息 |
| 书名: | Better Off | |
| 作者: | Eric Brende | |
| 分册号: | ||
| 分册名: | 出版地: | NEW YORK |
|
| 出版社: | HarperCollins | |
| 出版时间: | 2004 | |
| 页数: | 233P | |
| 开本: | 25CM | |
| 丛书名: | ||
| 中图分类号: | ||
| 科图分类号: | ||
| 其他分类号: | F171.244 | |
| 主题词: | ||
| 电子资源: | ||
| 000 | 00376nam0 2200145 450 | |
| 001 | 202012001881 | |
| 005 | 20121115151519.0 | |
| 008 | 12111501s | |
| 020 | @a9780060570040@c$24.95 | |
| 099 | @dF171.244@eE681 | |
| 245 | 10 | @aBetter Off @cEric Brende |
| 260 | 0 | @aNEW YORK@bHarperCollins@c2004 |
| 300 | @a233P@c25CM | |
| 905 | @b10509 | |
| 905 | @aTSG@dF171.244@eE681 | |
| Better Off / Eric Brende.-NEW YORK : HarperCollins , 2004 |
| 233P ; 25CM |
| ISBN 9780060570040$24.95 |
| ● |
| 相关链接 |
|
|
|
正题名:Better Off
索取号:F171.244/E681
 
预约/预借
| 序号 | 登录号 | 条形码 | 馆藏地/架位号 | 状态 | 备注 |